000 00353nam a22001457a 4500
003 OSt
008 231026b |||||||| |||| 00| 0 eng d
041 _ahin
082 _a891.54
_bJAW/KU
100 _aNehru, Jawaharlal
_94307
245 _aKuch purani chittiyam
260 _aNew Delhi :
_bSastha Sahitya Mandal Prakashan
300 _a700
942 _cBK
999 _c17754
_d17754